Certamen : revista de administración local revista de administración local
Descripción Física:
200 volums en cinc capses : il·lustracions, periodicitat mensual ; 27 cm
Otros Autores:
González Escribano, Juan Bautista
Materias:
Administració local -- Espanya -- Revistes
; Municipis -- Govern i administració -- Espanya -- Revistes
Idioma:
Español
MARC
| LEADER | 00000nas a22000007a 4500 | ||
|---|---|---|---|
| 003 | Arxiu | ||
| 005 | 20260324181516.0 | ||
| 008 | 230518d19581980spamr|p| |||| 00| 0 spa c | ||
| 017 | |a DL M. 996-1958 | ||
| 022 | |a 0210-3125 | ||
| 040 | |a AGDB | ||
| 245 | 0 | 0 | |a Certamen : |b revista de administración local |
| 246 | 3 | 3 | |a Certamen : |b publicación periódica al servicio de la administración local |
| 260 | |a Madrid : |b Certamen, |c 1958-1980? | ||
| 300 | |a 200 volums en cinc capses : |b il·lustracions, periodicitat mensual ; |c 27 cm | ||
| 310 | |a Mensual | ||
| 362 | |a Núm. 295 (30 julio 1966)- | ||
| 500 | |a Descripció basada en: Núm. 295 (30 juliol 1966) | ||
| 500 | |a Director: Juan B. González Escribano | ||
| 500 | |a Cada any inclou un índex d'autors, seccions i matèries | ||
| 650 | 0 | |9 39429 |a Administració local |z Espanya |v Revistes | |
| 650 | 0 | |9 41090 |a Municipis |x Govern i administració |x Espanya |x Revistes | |
| 700 | 1 | |9 56413 |a González Escribano, Juan Bautista |e director editorial | |
| 866 | |a 1964 (267) | ||
| 866 | |a 1966 (295, 296-297) | ||
| 866 | |a 1967 (305, 306, 307-8, 310, 312) | ||
| 866 | |a 1968 (313, 314, 315, 316, 317, 318, 319, 320, 321, 322, 323, Índexs) | ||
| 866 | |a 1969 (324, 325, 326, 327, 328, 329, 330, 331-332, 333, 334, 335, Índexs) | ||
| 866 | |a 1970 (336, 337, 338, 339, 340, 341, 342, 343, 344, 345, 346, Índexs) | ||
| 866 | |a 1971 (347, 348, 349, 350, 351, 352, 353, 354, 355, 356, 357) | ||
| 866 | |a 1972 (358, 359, 360, 361, 362, 363, 364, 365, 366, 367, 368, Índexs) | ||
| 866 | |a 1973 (369, 370, 371, 372, 373, 374, 375, 376, 377, 378, 379, 380) | ||
| 866 | |a 1974 (381, 382, 383, 384, 385, 386, 387, 388, 389, 390, 391, Índexs) | ||
| 866 | |a 1975 (392, 393, 394, 395, 396, 397, 398, 399, 400, 401, 402) | ||
| 866 | |a 1976 (403, 404, 405, 406, 407 (número extraordinari), 408, 409, 410, 411, 412, 413) | ||
| 866 | |a 1977 (414, 415, 416, 417, 418, 419, 420, 422, 423, 424) | ||
| 866 | |a 1978 (425, 426, 427, 428, 429, 432, 434) | ||
| 866 | |a 1979 (435, 436, 437, 438, 439, 440, 441, 442, 443, 444, 445) | ||
| 866 | |a 1980 (446, 447, 448, 449, 450, 451, 452) | ||
| 942 | |c REV |2 udc |n 1 | ||
| 952 | |0 0 |1 0 |4 0 |6 REV2151 |7 1 |9 66357 |a Arxiu |b Arxiu |d 2023-05-18 |h Núm. 267 (abril 1964)-Núm. 335 (diciembre 1969) |l 0 |o Rev-2151 |p 27917 |r 2023-05-18 00:00:00 |w 2023-05-18 |y ARXIU |z Índexs 1968, 1969 | ||
| 952 | |0 0 |1 0 |4 0 |6 REV2152 |7 1 |9 66358 |a Arxiu |b Arxiu |d 2023-05-18 |h Núm. 336 (gener 1970)-Núm. 357 (desembre1971) |l 0 |o Rev-2152 |p 27918 |r 2023-05-18 00:00:00 |w 2023-05-18 |y ARXIU |z Conté índexs 1970. Conté duplicats | ||
| 952 | |0 0 |1 0 |4 0 |6 REV2153 |7 1 |9 66359 |a Arxiu |b Arxiu |d 2023-05-18 |h Núm. 358 (gener 1972)-Núm. 391 (desembre 1974) |o Rev-2153 |p 27919 |r 2023-05-18 00:00:00 |w 2023-05-18 |y ARXIU |z Conté índexs 1972, 1974 | ||
| 952 | |0 0 |1 0 |4 0 |7 1 |9 66360 |a Arxiu |b Arxiu |d 2023-05-18 |h Núm. 392 (gener 1975)-Núm. 413 (desembre 1976) |o Rev-2154 |p 27920 |r 2023-05-18 00:00:00 |w 2023-05-18 |y ARXIU | ||
| 952 | |0 0 |1 0 |4 0 |7 1 |9 66361 |a Arxiu |b Arxiu |d 2023-05-18 |h Núm. 414 (gener 1977)-Núm. 452 (juliol 1980) |o Rev-2155 |p 27921 |r 2023-05-18 00:00:00 |w 2023-05-18 |y ARXIU | ||
| 999 | |c 83724 |d 83724 | ||